000 00674nam a2200265Ia 4500
005 20260121170752.0
008 008 260114s9999 xx 000 0 eng d
020 _a9783030008253
037 _aEBOOK
040 _aCRL
040 _beng
040 _cCRL
041 _2eng
041 _aeng
084 _qCRL
100 _aSlobodan Kalajdziski, Nevena Ackovska
_91067924
245 0 _aICT Innovations 2018. Engineering and Life Sciences
260 _bSpringer
260 _bSpringer
260 _c2018
856 _uhttps://link.springer.com/openurl?genre=book&isbn=978-3-030-00825-3
942 _cEBOOK
999 _c1633654
_d1633654